Floors and flooring

Bibliographic Details
Main Author: Lott, Jane
Format: Book
Published: London : Conran Octopus Limited , 1985
Series:The home decorator series
Subjects:

MARC

LEADER 00000cam a2200000 7i4500
001 0000009813
002 000010686
005 20040224.0
020 |a 1850290237 
090 0 0 |a 721.6   |b LOT 
100 1 |a Lott, Jane 
245 1 0 |a Floors and flooring   |c Jane Lott 
260 |a London :   |b Conran Octopus Limited ,   |c 1985 
300 |a 80p. :   |b ill. ;   |c 20cm. 
490 0 |a The home decorator series 
650 0 0 |a Flooring, Tile 
650 0 0 |a Floors   |x Amateurs' manual 
999 |a 023869   |b BUKU   |c PINJAMAN   |e PERPUSTAKAAN KOMUNITI PETALING JAYA